Famous Black Actors - Statistics

General Stats
  • This quiz has been taken 1,011 times
    975 since last reset
  • The average score is 11 of 28
Answer Stats
Hint Answer % Correct
The Shawshank Redemption Morgan Freeman
84%
I Am Legend Will Smith
81%
Shrek Eddie Murphy
77%
Ray Jamie Foxx
71%
The Avengers Samuel L Jackson
61%
Madagascar Chris Rock
57%
Safe House Denzel Washington
53%
The Matrix Laurence Fishburne
52%
Rush Hour Chris Tucker
49%
Hotel Rwanda Don Cheadle
49%
Star Wars (voice) James Earl Jones
48%
Ghost Whoopi Goldberg
46%
X-men Halle Berry
40%
Friday Ice Cube
38%
Tropic Thunder* Robert Downey Jr
34%
Family Feud Steve Harvey
34%
Scary Movie Marlon Wayans
33%
Blue Streak Martin Lawrence
27%
Avatar Zoe Saldana
25%
30 Rock Tracy Morgan
23%
The Green Mile Michael Clarke Duncan
22%
White Chicks Terry Crews
17%
Ocean's Eleven Bernie Mac
16%
Angels in the Outfield Danny Glover
16%
Taxi Queen Latifah
14%
Half Baked Dave Chappelle
11%
Collateral Jada Pinkett Smith
9%
Gladiator Djimon Hounsou
8%
No matching quizzes found
Score Distribution
Percent of People with Each Score
Percentile by Number Answered
Your Score History
You have not taken this quiz since the last reset